| 000 | 00775nam a2200241 a 4500 | ||
|---|---|---|---|
| 001 | 56769 | ||
| 003 | BD-RJUL | ||
| 005 | 20211209080430.0 | ||
| 008 | 161204s1949 xx 000 0 eng u | ||
| 035 | _aBD-RJUL 56893 | ||
| 040 |
_aORL _dEQO _beng _cBD-RjUL |
||
| 041 | _aeng | ||
| 082 |
_a184 _223 _bBLP 1949 |
||
| 100 | 1 |
_aBluck, R. S. _q(Richard Stanley) _9168815 |
|
| 245 | 1 | 0 |
_aPlato's life and thought / _cwith a trans. of the Seventh letter |
| 260 |
_aLondon : _bRoutledge & Paul, _c[1949] |
||
| 300 |
_a200 p. : _bill. ; _c19 cm |
||
| 504 | _a"Brief bibliography": p. 191-192. "References": p. 193-195 | ||
| 600 | 0 | 0 |
_aPlato. _9168818 |
| 700 | 0 |
_aPlato. _tSpurious and doubtful works. _tEpistulae. 7th. _lEnglish. _9168817 |
|
| 942 |
_2ddc _cBK |
||
| 999 |
_c56769 _d56769 |
||